The International Monetary System in Flux: Overview and Prospects

Saved in:
Bibliographic Details
Main Author: Bacao, Pedro
Other Authors: Duarte, António Portugal, Simoes, Mariana
Format: Book Chapter
Language:English
Tags: Add Tag
No Tags, Be the first to tag this record!

MARC

LEADER 00000naa$a2200000$$$4500
001 0307150
005 20250219122718.5
041 0 |a eng 
044 |a RO 
245 1 0 |a The International Monetary System in Flux: Overview and Prospects  |c Pedro Bacao, António Portugal Duarte, Mariana Simoes 
100 1 |a Bacao, Pedro 
700 1 |a Duarte, António Portugal 
700 1 |a Simoes, Mariana